000
00265nam a2200109Ia 4500
008
230320s9999||||xx |||||||||||||| ||spa||
082
_a
868.6/J24O
100
_a
Jardiel Poncela, Enrique
245
0
_a
Obras Teatrales Escogidas
260
_b
AGUILAR
942
_8
0
_c
LIB
999
_c
34828
_d
34828